Ngôi nhà nhỏ trên núi /

Đã lưu trong:
书目详细资料
主要作者: Tàn Tuyết.
其他作者: Lê Huy Tiêu (Dịch và giới thiệu.)
格式: Bài viết
语言:Vietnamese
主题:
标签: 添加标签
没有标签, 成为第一个标记此记录!
Thư viện lưu trữ: Thư viện Trường Đại học Đà Lạt
LEADER 00817nam a2200277 4500
001 DLU120001251
005 ##20121123
040 # # |a DLU  |b vie 
041 # # |a vie 
044 # # |a vn 
100 # # |a Tàn Tuyết. 
245 # # |a Ngôi nhà nhỏ trên núi /  |c Tàn Tuyết, Lê Huy Tiêu dịch và giới thiệu. 
653 # # |a Cách mạng văn hóa 
653 # # |a Cảnh giác 
653 # # |a Hoài nghi 
700 # # |a Lê Huy Tiêu,   |e Dịch và giới thiệu. 
773 # # |t Văn học nước ngoài  |g Số 6(90), 2010, tr. 50-54 
920 # # |a Phòng Tạp chí -- Trung tâm Thông tin - Thư viện Trường Đại học Đà Lạt 
994 # # |a DLU 
900 # # |a True 
911 # # |a Nguyễn Thị Linh Chi 
925 # # |a G 
926 # # |a A 
927 # # |a BB 
980 # # |a Thư viện Trường Đại học Đà Lạt